[Event "25th Czech Rapid G1 2014"]
[Site "Pardubice CZE"]
[Date "2014.07.17"]
[Round "7.27"]
[White "Sergeyev, Alexander"]
[Black "Hoegener, Claude"]
[Result "1-0"]
[WhiteTitle "FM"]
[WhiteElo "2389"]
[BlackElo "2083"]
[WhiteFideId "13702076"]
[BlackFideId "4000978"]
[EventDate "2014.07.16"]

1. d4 Nf6 2. c4 e6 3. g3 d5 4. Bg2 Be7 5. Nf3 O-O 6. O-O c6 7. Qc2 b6 8. Rd1 Bb7
9. Bf4 Nbd7 10. cxd5 cxd5 11. Nc3 Rc8 12. Rac1 b5 13. Qb3 b4 14. Nb5 Qb6 15. a4
bxa3 16. Bc7 Rxc7 17. Rxc7 Bc6 18. Rxc6 Qxc6 19. Nxa3 Rb8 20. Qa2 Qa6 21. Bf1
Ne4 22. e3 Qa4 23. Rc1 g6 24. Bd3 Ndf6 25. Kg2 Qb4 26. Rc2 Qa4 27. Ne5 Bf8 28.
Qa1 Nd6 29. Qc1 Qb3 30. Nb1 Nfe8 31. Nd2 Qb4 32. h4 Qb6 33. h5 Qd8 34. Nc6 Qb6
35. Nxb8 Qxb8 36. hxg6 hxg6 37. Nf3 Qb3 38. Rc3 Qb4 39. Ne5 a5 40. Qc2 Nf6 41.
Bxg6 Nfe8 42. Bxf7+ 1-0

[Event "25th Czech Rapid G1 2014"]
[Site "Pardubice CZE"]
[Date "2014.07.17"]
[Round "7.28"]
[White "Novotny, Michal"]
[Black "Setyaki, Azarya Jodi"]
[Result "0-1"]
[WhiteTitle "FM"]
[BlackTitle "CM"]
[WhiteElo "2354"]
[BlackElo "2231"]
[WhiteFideId "310980"]
[BlackFideId "7101589"]
[EventDate "2014.07.16"]

1. e4 c5 2. Nf3 g6 3. Bc4 Bg7 4. O-O Nc6 5. Re1 d6 6. h3 Nf6 7. c3 O-O 8. d3 Rb8
9. a4 a6 10. Nbd2 b5 11. axb5 axb5 12. Bb3 e5 13. Nf1 d5 14. Qe2 h6 15. Ng3 b4
16. Ba4 Ra8 17. Bd2 dxe4 18. Bxc6 Rxa1 19. Rxa1 exf3 20. Qxf3 bxc3 21. Bxc3 Nh7
22. Ra8 Ng5 23. Qe3 Qd6 24. Bf3 f5 25. Qe2 Ne6 26. Ra7 Bd7 27. Qd1 Nf4 28. Qb3+
Be6 29. Qb7 Rf7 30. Qa8+ Kh7 31. Ra6 Qxd3 32. Rxe6 Nxe6 33. Bd5 Nc7 0-1

[Event "25th Czech Rapid G1 2014"]
[Site "Pardubice CZE"]
[Date "2014.07.17"]
[Round "7.29"]
[White "Villegas, Pierre"]
[Black "Nun, Jiri"]
[Result "1-0"]
[WhiteTitle "FM"]
[BlackTitle "IM"]
[WhiteElo "2291"]
[BlackElo "2351"]
[WhiteFideId "654183"]
[BlackFideId "300179"]
[EventDate "2014.07.16"]

1. d4 c5 2. d5 e5 3. e4 d6 4. Bb5+ Nd7 5. a4 Be7 6. Nf3 a6 7. Be2 Nf8 8. O-O Ng6
9. g3 Bh3 10. Re1 h5 11. Nfd2 Nf6 12. Nc3 Bc8 13. Nc4 h4 14. Ne3 hxg3 15. fxg3
Nh7 16. Bg4 Bxg4 17. Qxg4 Nf6 18. Qf3 Nh5 19. Nf5 Bf6 20. Nd1 Nf8 21. Nf2 g6 22.
Ne3 Nh7 23. c3 Bg5 24. h4 Be7 25. b4 cxb4 26. cxb4 Rc8 27. Bd2 Nxg3 28. Qxg3
Bxh4 29. Qg2 Bg5 30. Ra3 Qd7 31. Qg4 Qd8 32. Rc1 Rxc1+ 33. Bxc1 Be7 34. Rc3 O-O
35. Bd2 Bg5 36. Nf1 Bxd2 37. Nxd2 Nf6 38. Qh4 Kg7 39. Rh3 Nh5 40. Qxd8 Rxd8 41.
Rc3 Rd7 42. Nd3 f5 43. Kf2 Nf6 44. exf5 gxf5 45. Rc8 Nxd5 46. Nc4 e4 47. Ne1
Nxb4 48. Ke3 Nc6 49. Nb6 Rf7 50. Ng2 Ne7 51. Rb8 Ng6 52. Nd5 Ne7 53. Ngf4 Nxd5+
54. Nxd5 Kh6 55. Kf4 Kg6 56. Rd8 Kh5 57. Rxd6 Rf8 58. Ne3 Rh8 59. Nxf5 e3 60.
Nxe3 Rc8 61. Rb6 Rc7 62. Ke4 Kg5 63. Kd4 Rd7+ 64. Kc4 Kf4 65. Nd5+ Ke5 66. Nc3
Rc7+ 67. Kb4 Rh7 68. Rg6 Rh4+ 69. Kb3 Rh7 70. a5 Kd4 71. Rg5 Rh3 72. Rd5+ Ke3
73. Rd7 Rh5 74. Nd5+ Kf3 75. Kc4 Rh1 76. Rf7+ Kg4 77. Rf4+ Kg3 78. Kc5 Ra1 79.
Kb6 Rd1 80. Rf5 Rb1+ 81. Kc7 Rb3 82. Nb6 Kg4 83. Rc5 1-0

[Event "25th Czech Rapid G1 2014"]
[Site "Pardubice CZE"]
[Date "2014.07.17"]
[Round "7.30"]
[White "Akesson, Ralf"]
[Black "Travkina, Anastasia"]
[Result "1-0"]
[WhiteTitle "GM"]
[BlackTitle "WFM"]
[WhiteElo "2462"]
[BlackElo "2200"]
[WhiteFideId "1700120"]
[BlackFideId "24129151"]
[EventDate "2014.07.16"]

1. Nf3 Nf6 2. c4 e6 3. Nc3 d5 4. d4 dxc4 5. e4 Bb4 6. Bg5 c5 7. Bxc4 cxd4 8.
Nxd4 Bxc3+ 9. bxc3 Qa5 10. Bxf6 Qxc3+ 11. Kf1 gxf6 12. Rc1 Qb4 13. Bxe6 Bxe6 14.
Nxe6 Na6 15. Ng7+ Kf8 16. Nf5 h5 17. Qd5 Qa3 18. Rd1 Kg8 19. h4 Qa4 20. Rh3 Rh7
21. Rg3+ Kh8 22. Qd8+ Qe8 23. Qxf6+ 1-0

[Event "25th Czech Rapid G1 2014"]
[Site "Pardubice CZE"]
[Date "2014.07.17"]
[Round "7.31"]
[White "Zwardon, Vojtech"]
[Black "Blecha, Miroslav"]
[Result "1-0"]
[WhiteTitle "IM"]
[WhiteElo "2399"]
[BlackElo "2225"]
[WhiteFideId "325511"]
[BlackFideId "311758"]
[EventDate "2014.07.16"]

1. e4 c5 2. Nf3 d6 3. d4 cxd4 4. Nxd4 Nf6 5. Nc3 a6 6. h3 e5 7. Nde2 Be7 8. g4
h6 9. Bg2 Be6 10. Be3 Nbd7 11. Qd2 Nb6 12. b3 Qc7 13. O-O Rd8 14. Nd5 Bxd5 15.
exd5 O-O 16. Ng3 Nh7 17. Qa5 Na8 18. Qxc7 Nxc7 19. Nf5 Bg5 20. Bb6 Rd7 21. c4
Ne8 22. Ng3 g6 23. Be4 Ng7 24. Bc2 f5 25. Rae1 h5 26. gxf5 gxf5 27. c5 h4 28. c6
Rdf7 29. Ne2 Bd8 30. Bxd8 Rxd8 31. f4 Nf8 32. cxb7 Ng6 33. Bd3 Rxb7 34. fxe5
Nxe5 35. Bxf5 Rf7 36. Nd4 Rdf8 37. Be6 Nxe6 38. dxe6 Rg7+ 39. Kh2 Rg3 40. Nf5
Rf3 41. e7 Re8 42. Rxe5 Rxf1 43. Nxd6 Rxe7 1-0

[Event "25th Czech Rapid G1 2014"]
[Site "Pardubice CZE"]
[Date "2014.07.17"]
[Round "7.32"]
[White "Gergel, Vladimir P"]
[Black "Satyapragyan, Swayangsu"]
[Result "0-1"]
[WhiteTitle "FM"]
[BlackTitle "IM"]
[WhiteElo "2227"]
[BlackElo "2393"]
[WhiteFideId "14100550"]
[BlackFideId "5004306"]
[EventDate "2014.07.16"]

1. e4 e6 2. d3 c5 3. g3 Nc6 4. Bg2 g6 5. Nf3 Bg7 6. O-O d5 7. Qe2 Nge7 8. Re1 h6
9. h4 b6 10. Nbd2 Bb7 11. Nf1 Qc7 12. Bf4 e5 13. Bd2 d4 14. a3 O-O 15. N1h2 Bc8
16. c4 dxc3 17. bxc3 Be6 18. Nf1 c4 19. dxc4 Na5 20. Ne3 Nxc4 21. Red1 Nxe3 22.
Qxe3 Nc6 23. Qe1 Na5 24. Nh2 Rac8 25. Nf1 Nb3 26. Rab1 Nxd2 27. Qxd2 Qxc3 28.
Ne3 Qxd2 29. Rxd2 Rc3 30. Ra1 Rfc8 31. Nd5 Rc1+ 32. Rd1 Rxd1+ 33. Rxd1 Bf8 34.
Ra1 Rc2 35. Ne3 Rc3 36. a4 Bc5 37. a5 b5 38. Bf1 b4 39. Rb1 b3 40. Nd5 Rxg3+ 41.
Bg2 Rd3 42. Bf1 Rd2 43. Rxb3 Rxf2 44. Rb5 Bd4 45. a6 Kg7 46. Rb7 Bc8 47. Rc7
Ra2+ 48. Kh1 Bxa6 49. Bxa6 Rxa6 50. Kg2 h5 51. Rc8 Ra2+ 52. Kh3 Re2 53. Nc7 Re3+
54. Kg2 Rc3 55. Ne8+ Kf8 56. Ra8 Ke7 57. Ng7 Re3 58. Ne8 Bb6 0-1

[Event "25th Czech Rapid G1 2014"]
[Site "Pardubice CZE"]
[Date "2014.07.17"]
[Round "7.33"]
[White "Cerveny, Martin"]
[Black "Jeitz, Christian"]
[Result "1-0"]
[WhiteTitle "FM"]
[WhiteElo "2375"]
[BlackElo "2189"]
[WhiteFideId "321141"]
[BlackFideId "4000803"]
[EventDate "2014.07.16"]

1. d4 Nf6 2. c4 g6 3. Nc3 d5 4. cxd5 Nxd5 5. e4 Nxc3 6. bxc3 Bg7 7. Nf3 c5 8.
Rb1 O-O 9. Be2 b6 10. O-O Bb7 11. Qd3 e6 12. Bg5 Qc7 13. Qe3 Nd7 14. Bh6 Nf6 15.
Bxg7 Kxg7 16. Bd3 cxd4 17. cxd4 Rac8 18. e5 Nd5 19. Qg5 Qe7 20. Qg4 Rc3 21. Rb3
Rfc8 22. h4 h5 23. Qg3 Nb4 24. Rd1 Rxb3 25. axb3 Rc3 26. Bc4 a6 27. Qf4 b5 28.
d5 Nxd5 29. Bxd5 Bxd5 30. Ng5 Rxb3 31. Ra1 Rb4 32. Qe3 Rxh4 33. f3 Qb7 34. Qc5
Rc4 35. Qd6 Rc6 36. Qb4 Qc7 37. Qf4 Qe7 38. Kh2 b4 39. g4 Rc4 40. Qe3 h4 41.
Rxa6 Rc3 42. Qf4 b3 43. Rb6 Rc2+ 44. Kh3 b2 45. Rb8 Ba2 46. Ne4 b1=Q 47. Qf6+
Qxf6 48. exf6+ Kh7 49. Ng5+ Kh6 50. Nxf7+ Kh7 51. Rh8# 1-0

[Event "25th Czech Rapid G1 2014"]
[Site "Pardubice CZE"]
[Date "2014.07.17"]
[Round "7.34"]
[White "Valenta, Vit"]
[Black "Pribyl, Josef"]
[Result "0-1"]
[WhiteTitle "FM"]
[BlackTitle "IM"]
[WhiteElo "2132"]
[BlackElo "2269"]
[WhiteFideId "307440"]
[BlackFideId "300187"]
[EventDate "2014.07.16"]

1. b4 d5 2. Bb2 Qd6 3. a3 a5 4. b5 e5 5. a4 Nf6 6. Nf3 Nbd7 7. g3 c5 8. d3 b6 9.
Bg2 Bb7 10. O-O Be7 11. Nh4 g6 12. c4 Rb8 13. Nd2 d4 14. Bxb7 Rxb7 15. Ng2 Qe6
16. Nf3 O-O 17. Bc1 Re8 18. Ng5 Qd6 19. f4 Bf8 20. Qc2 Bg7 21. f5 Nf8 22. Ne4
Nxe4 23. dxe4 Rd7 24. Qd3 gxf5 25. Rxf5 Ng6 26. Bg5 Qf8 27. Raf1 Re6 28. h4 Bh6
29. h5 Nh8 30. Bf6 Rdd6 31. Bxh8 Kxh8 32. Rxf7 Qg8 33. R7f5 Rd8 34. Kh2 Qg4 35.
Qf3 Rg8 36. Rf7 Qg5 37. Nh4 Bg7 38. Nf5 Bf6 39. Kg2 Bd8 40. Rh1 Rf6 41. Rxf6
Bxf6 42. Rh4 Bd8 43. Rg4 Qxg4 0-1

[Event "25th Czech Rapid G1 2014"]
[Site "Pardubice CZE"]
[Date "2014.07.17"]
[Round "7.35"]
[White "Krouzel, Jaroslav"]
[Black "Pinter, Erik"]
[Result "1-0"]
[WhiteTitle "FM"]
[BlackTitle "IM"]
[WhiteElo "2125"]
[BlackElo "2354"]
[WhiteFideId "301566"]
[BlackFideId "14902826"]
[EventDate "2014.07.16"]

1. d4 Nf6 2. c4 g6 3. Nc3 d5 4. Nf3 Bg7 5. Bg5 Ne4 6. cxd5 Nxg5 7. Nxg5 e6 8.
Qd2 exd5 9. Qe3+ Kf8 10. Qf4 Bf6 11. h4 c6 12. e3 Kg7 13. Bd3 Nd7 14. O-O-O h6
15. Nf3 Nf8 16. h5 g5 17. Qg3 b5 18. Kb1 a5 19. Rc1 a4 20. Ne5 Bxe5 21. Qxe5+ f6
22. Qg3 Bd7 23. Ne2 Qe7 24. Qf3 Ra6 25. Ng3 Be6 26. Rc2 Qd7 27. Rhc1 Kf7 28.
Bxb5 Bg4 29. Bxa6 Bxf3 30. gxf3 Ne6 31. Rxc6 Rb8 32. Bc8 Rxc8 33. Rxc8 Kg7 34.
Nf5+ Kh7 35. R8c6 a3 36. b3 Qf7 37. e4 Qd7 38. Rd6 Qf7 39. Rcc6 Qxh5 40. Rxe6
Qh1+ 41. Rc1 Qxf3 42. Rxf6 Qxe4+ 43. Ka1 Qf4 44. Rc8 Qh2 45. Rxh6+ 1-0

[Event "25th Czech Rapid G1 2014"]
[Site "Pardubice CZE"]
[Date "2014.07.17"]
[Round "7.36"]
[White "Tarakanov, Oleg"]
[Black "Jacko, Vladimir2"]
[Result "0-1"]
[BlackTitle "FM"]
[WhiteElo "2161"]
[BlackElo "2296"]
[WhiteFideId "4500610"]
[BlackFideId "14915928"]
[EventDate "2014.07.16"]

1. e4 e5 2. Nf3 d6 3. d4 exd4 4. Nxd4 Nf6 5. Nc3 Be7 6. Bb5+ c6 7. Be2 O-O 8.
O-O Re8 9. Bf3 Bf8 10. Bg5 Nbd7 11. Qd2 Ne5 12. Be2 h6 13. Bh4 Ng6 14. Bxf6 Qxf6
15. Rad1 Nf4 16. Bf3 Ng6 17. Bh5 Bd7 18. f4 Rad8 19. Qf2 b5 20. a3 a5 21. Bf3 b4
22. axb4 axb4 23. Nce2 Nxf4 24. Nxf4 Qxf4 25. Qe1 Qe5 26. Qd2 c5 27. Nf5 d5 28.
Qxd5 Qxb2 29. Nd6 Be6 30. Qxc5 Rc8 31. Qh5 Bxd6 32. Rxd6 Qxc2 33. Bg4 g6 34.
Qxh6 Qc5+ 0-1

[Event "25th Czech Rapid G1 2014"]
[Site "Pardubice CZE"]
[Date "2014.07.17"]
[Round "7.37"]
[White "Rous, Daniel"]
[Black "Kozlitin, Oleg"]
[Result "0-1"]
[BlackTitle "IM"]
[WhiteElo "2160"]
[BlackElo "2331"]
[WhiteFideId "338150"]
[BlackFideId "4143590"]
[EventDate "2014.07.16"]

1. d4 Nf6 2. Nf3 g6 3. Nc3 d5 4. Bf4 Bg7 5. e3 O-O 6. Be2 c5 7. Ne5 cxd4 8. exd4
Nc6 9. Qd2 Bf5 10. O-O-O Qa5 11. g4 Be6 12. g5 Nd7 13. Nxc6 bxc6 14. h4 c5 15.
a3 cxd4 16. Nb5 Qxd2+ 17. Rxd2 Nc5 18. Bf3 d3 19. b4 Ne4 20. Bxe4 dxe4 21. Nc7
Rac8 22. Nxe6 fxe6 23. Be3 Rc3 24. Rh3 Rxa3 25. cxd3 exd3 26. Rd1 Rc8+ 27. Bc5
a5 28. Kd2 axb4 29. Bxb4 Rb3 30. Bxe7 Rc2+ 31. Ke1 d2+ 32. Rxd2 Rc1+ 0-1

[Event "25th Czech Rapid G1 2014"]
[Site "Pardubice CZE"]
[Date "2014.07.17"]
[Round "7.38"]
[White "Tokranovs, Dmitrijs"]
[Black "Chovanec, Vladimir"]
[Result "1-0"]
[WhiteElo "2297"]
[BlackElo "2100"]
[WhiteFideId "11603011"]
[BlackFideId "14907860"]
[EventDate "2014.07.16"]

1. e4 e6 2. d4 d5 3. exd5 exd5 4. Nc3 Bb4 5. Bd3 Nc6 6. Ne2 Nge7 7. Bf4 Be6 8.
Qd2 Qd7 9. a3 Bxc3 10. Qxc3 a6 11. O-O O-O 12. Ng3 Rac8 13. Rfe1 Nf5 14. Nxf5
Bxf5 15. Bf1 Ne7 16. Qb3 Ng6 17. Bg3 c6 18. Re3 Rfe8 19. Rae1 Rxe3 20. Rxe3 Nf8
21. c3 Ne6 22. Qd1 Bg6 23. Qe1 h6 24. Be5 Be4 25. f3 Bh7 26. g4 Re8 27. Bg3 f5
28. Bh3 Qf7 29. Re5 f4 30. Bxf4 Qxf4 31. Rxe6 Rf8 32. Bg2 Qg5 33. Qe3 Qxe3+ 34.
Rxe3 Kf7 35. f4 Kf6 36. Kf2 Rd8 37. h4 Bg8 38. Bh3 Bf7 39. g5+ hxg5 40. hxg5+
Kg6 41. Re7 1-0

[Event "25th Czech Rapid G1 2014"]
[Site "Pardubice CZE"]
[Date "2014.07.17"]
[Round "7.39"]
[White "Musaev, Rasul"]
[Black "Rodionova, Polina"]
[Result "0-1"]
[WhiteTitle "FM"]
[BlackTitle "WFM"]
[WhiteElo "2281"]
[BlackElo "2138"]
[WhiteFideId "24146870"]
[BlackFideId "24102555"]
[EventDate "2014.07.16"]

1. e4 e5 2. Nf3 Nc6 3. d4 exd4 4. Nxd4 Nf6 5. Nxc6 bxc6 6. e5 Qe7 7. Qe2 Nd5 8.
c4 Nb6 9. Nd2 Bb7 10. a4 a5 11. f4 d6 12. Qe4 dxe5 13. fxe5 Nd7 14. Nf3 f6 15.
Be2 Nxe5 16. O-O Nxf3+ 17. Qxf3 Qe5 18. Bf4 Bc5+ 19. Kh1 Qe7 20. Qh5+ g6 21. Qh6
O-O-O 22. Rae1 Qf8 23. Qh3+ Kb8 24. Qg3 Qg7 25. Bf3 h5 26. Be3 Bd6 27. Qf2 g5
28. Be4 Be5 29. Bd2 g4 30. Bxa5 h4 31. Qf5 Bc8 32. Qg6 Qe7 33. Bxc6 Qc5 34. Bb5
h3 35. Re2 hxg2+ 36. Rxg2 Bb7 0-1

[Event "25th Czech Rapid G1 2014"]
[Site "Pardubice CZE"]
[Date "2014.07.17"]
[Round "7.40"]
[White "Zpevakova, Jana"]
[Black "Nguyen, Thai Dai Van"]
[Result "1-0"]
[BlackTitle "CM"]
[WhiteElo "2016"]
[BlackElo "2261"]
[WhiteFideId "334030"]
[BlackFideId "358878"]
[EventDate "2014.07.16"]

1. d4 Nf6 2. c4 g6 3. Nc3 d5 4. cxd5 Nxd5 5. Bd2 Bg7 6. Nf3 O-O 7. Rc1 Nb6 8.
Bg5 h6 9. Bh4 Nc6 10. e3 Bg4 11. Bb5 Nb4 12. O-O c6 13. Be2 N4d5 14. h3 Nxc3 15.
bxc3 Be6 16. c4 c5 17. d5 Bf5 18. Bd3 Bxd3 19. Qxd3 Qd7 20. Bg3 Rad8 21. Qa3 Na4
22. Be5 a6 23. Bxg7 Kxg7 24. Ne5 Qe8 25. Rb1 b5 26. Nc6 Rd6 27. e4 Rxc6 28. dxc6
Qxc6 29. Rfc1 b4 30. Qd3 Nc3 31. Rb2 Nxe4 32. Re2 Nc3 33. Rxe7 Nxa2 34. Ra1 Nc3
35. Ra7 Ra8 36. Rxa8 Qxa8 37. Qe3 Qc6 38. Qe5+ Qf6 39. Qe1 b3 40. Rxa6 Qd4 41.
Rb6 Ne4 42. Rxb3 Nxf2 43. Qxf2 Qd1+ 44. Kh2 Qxb3 45. Qxc5 Qc3 46. Qd5 Qe3 47. c5
Qf4+ 48. Kg1 Qc1+ 49. Kh2 Qf4+ 50. Kg1 Qc1+ 51. Kf2 Qc2+ 52. Ke3 Qc3+ 53. Ke4
Qe1+ 54. Kd4 Qd2+ 55. Ke5 Qe3+ 56. Kd6 Kf6 57. Qf3+ Qxf3 58. gxf3 1-0

[Event "25th Czech Rapid G1 2014"]
[Site "Pardubice CZE"]
[Date "2014.07.17"]
[Round "7.41"]
[White "Semenova, Elena1"]
[Black "Galchenko, Matvei"]
[Result "0-1"]
[WhiteTitle "WIM"]
[WhiteElo "2215"]
[BlackElo "1878"]
[WhiteFideId "24125148"]
[BlackFideId "34135992"]
[EventDate "2014.07.16"]

1. e4 e6 2. d4 d5 3. Nc3 Bb4 4. Ne2 dxe4 5. a3 Bxc3+ 6. Nxc3 Nc6 7. Bb5 Ne7 8.
Nxe4 Qd5 9. Qe2 O-O 10. c3 f5 11. Ng5 Qxg2 12. Rf1 Nd5 13. Bd2 Qg4 14. Qxg4 fxg4
15. O-O-O Bd7 16. Rde1 Rae8 17. Ne4 a6 18. Ba4 Ne5 19. Bc2 Nf3 20. Rd1 Bb5 21.
Rh1 Be2 22. h3 Bxd1 23. Kxd1 Nxd2 24. Kxd2 gxh3 25. Rxh3 g6 26. c4 Nf6 27. Ng5
Re7 28. Ke2 Rd8 29. Nf3 e5 30. d5 c6 31. dxc6 bxc6 32. c5 Kg7 33. Ng5 e4 34. Bb3
Rb8 35. Ne6+ Kh8 36. Nf4 Reb7 37. Bc4 Rxb2+ 38. Kf1 g5 39. Ng6+ Kg7 40. Ne5 Rf8
41. Bxa6 Nd5 42. Ng4 Rf4 43. Bc8 e3 44. Nxe3 Rfxf2+ 45. Kg1 Nf4 46. Nf5+ Kf6 47.
Rh6+ Ke5 48. Ne3 Ke4 49. Nf1 Rg2+ 50. Kh1 Rb1 51. Ba6 Ra2 52. Rxc6 Rxa3 53. Rc8
Rxa6 0-1

[Event "25th Czech Rapid G1 2014"]
[Site "Pardubice CZE"]
[Date "2014.07.17"]
[Round "7.42"]
[White "Musat, Adrian"]
[Black "Shuvalova, Polina"]
[Result "1-0"]
[WhiteTitle "FM"]
[BlackTitle "WFM"]
[WhiteElo "2401"]
[BlackElo "2108"]
[WhiteFideId "1203452"]
[BlackFideId "24171760"]
[EventDate "2014.07.16"]

1. Nf3 Nf6 2. c4 g6 3. Nc3 Bg7 4. e4 d6 5. d4 O-O 6. Be2 e5 7. Be3 Ng4 8. Bg5 f6
9. Bh4 Qe8 10. d5 f5 11. Nd2 Nf6 12. O-O a5 13. b3 Na6 14. a3 Nc5 15. Bxf6 Rxf6
16. b4 axb4 17. axb4 Rxa1 18. Qxa1 Na6 19. Qa3 c5 20. bxc5 Nxc5 21. Bf3 Bh6 22.
Nb3 fxe4 23. Bxe4 Nxb3 24. Qxb3 Qe7 25. c5 dxc5 26. d6+ Qf7 27. Bd5 Re6 28. Ne4
b6 29. Qxb6 Bf8 30. Ng5 Qf6 31. Nxe6 Bxe6 32. d7 1-0

[Event "25th Czech Rapid G1 2014"]
[Site "Pardubice CZE"]
[Date "2014.07.17"]
[Round "7.43"]
[White "Michenka, Jozef"]
[Black "Dorst, Johannes"]
[Result "0-1"]
[WhiteTitle "IM"]
[WhiteElo "2326"]
[BlackElo "2299"]
[WhiteFideId "301175"]
[BlackFideId "4650433"]
[EventDate "2014.07.16"]

1. d4 Nf6 2. c4 c5 3. d5 b5 4. cxb5 a6 5. bxa6 g6 6. Nc3 Bxa6 7. Nf3 d6 8. e4
Bxf1 9. Kxf1 Bg7 10. g3 O-O 11. Kg2 Nbd7 12. Re1 Ra6 13. a4 Qa8 14. Nb5 Rc8 15.
Qc2 c4 16. Be3 Nc5 17. Bxc5 Rxc5 18. Ra3 Nd7 19. Rea1 Ne5 20. Nxe5 Bxe5 21. Rd1
Bg7 22. b4 Rxb5 23. Qxc4 Rxa4 24. Rxa4 Qxa4 25. Rb1 Qa6 26. h4 h5 27. Rb3 Qb7
28. Kf3 Kf8 29. Ke3 Ke8 30. Kd3 Kd7 31. f4 Rb6 32. b5 Qc7 33. Ra3 Qxc4+ 34. Kxc4
Rb7 35. Kb4 Bd4 36. Ra8 Bf2 37. Rf8 Bxg3 38. Rxf7 Bxh4 39. e5 dxe5 40. fxe5 Bg3
41. d6 Ke8 42. Rg7 Bxe5 43. Rxg6 Bxd6+ 44. Ka5 h4 45. Ka6 Rb8 46. Rh6 Bg3 47. b6
Kd7 48. Ka7 Rf8 49. b7 Kc7 50. Rh5 Bf2+ 51. Ka6 Rf6+ 52. Kb5 Kxb7 53. Kc4 Kc6
54. Kd3 Kd6 55. Ke4 Bg3 56. Rh8 Ke6 57. Rh7 Rf4+ 58. Ke3 Kf6 59. Rh5 Rf5 60. Rh8
e5 61. Rg8 Bf2+ 62. Ke2 Bd4 63. Rh8 Kg5 64. Rh7 Kg4 65. Rg7+ Kh3 66. Kd3 Rf4 67.
Rg6 Rg4 0-1

[Event "25th Czech Rapid G1 2014"]
[Site "Pardubice CZE"]
[Date "2014.07.17"]
[Round "7.44"]
[White "Mojzis, Jaroslav"]
[Black "Bystrov, Sergej M."]
[Result "0-1"]
[WhiteTitle "FM"]
[BlackTitle "IM"]
[WhiteElo "2137"]
[BlackElo "2280"]
[WhiteFideId "302325"]
[BlackFideId "4118561"]
[EventDate "2014.07.16"]

1. Nf3 c5 2. g3 Nc6 3. d4 cxd4 4. Nxd4 Nf6 5. Bg2 Qb6 6. e3 d5 7. O-O e5 8. Nb3
Bg4 9. f3 Be6 10. Kh1 a5 11. a4 Rd8 12. Qe2 Be7 13. Nc3 O-O 14. Nb5 Rc8 15. f4
Bg4 16. Qd2 Ne4 17. Qxd5 Nf6 18. Qd2 Nb4 19. c3 Rfd8 20. Qf2 Nd3 21. Qc2 Nb4 22.
Qf2 Nd3 23. Qc2 Be6 24. fxe5 Nb4 25. Qf2 Ng4 26. Qf4 Nd3 27. Qf3 Ngxe5 28. Qxb7
Qxb7 29. Bxb7 Bxb3 30. Bxc8 Rxc8 31. e4 Nc5 32. Nd4 Bc4 33. Rf5 f6 34. Bf4 g6
35. Rxe5 fxe5 36. Bxe5 Nxe4 37. Re1 Bd5 38. Kg1 Bf8 39. Nb5 Bc5+ 0-1

[Event "25th Czech Rapid G1 2014"]
[Site "Pardubice CZE"]
[Date "2014.07.17"]
[Round "7.45"]
[White "Pischikov, Vadim"]
[Black "Priasmoro, Novendra"]
[Result "0-1"]
[WhiteElo "2130"]
[BlackElo "2282"]
[WhiteFideId "4100280"]
[BlackFideId "7105029"]
[EventDate "2014.07.16"]

1. d4 Nf6 2. c4 g6 3. Nc3 d5 4. Nf3 Bg7 5. Qb3 dxc4 6. Qxc4 O-O 7. e4 Na6 8. Bf4
c5 9. Rd1 Qa5 10. Rd2 Bg4 11. dxc5 Rac8 12. Be3 Be6 13. Qb5 Qxb5 14. Bxb5 Nxc5
15. Ng5 Ng4 16. Bxc5 Rxc5 17. Nxe6 fxe6 18. Bd7 Kf7 19. Nd1 Bh6 20. Rd3 Ne5 21.
Rh3 Nxd7 22. Rxh6 Kg7 23. Rh3 Rc2 24. Rc3 Rxc3 25. Nxc3 b5 26. a3 Rb8 27. Ne2
Nc5 28. Nd4 Nxe4 29. Nxe6+ Kf7 30. Nf4 Rc8 31. O-O Rc2 32. Nd3 Rd2 33. Ne5+ Kf6
34. Ng4+ Kg7 35. f3 Nd6 36. Re1 Nf5 37. Rb1 Nh4 38. Re1 h5 39. Nf2 Kf7 40. Rb1
Nf5 41. Ne4 Rc2 42. b3 Ne3 43. Nf2 Ra2 44. g3 Rxa3 45. Ne4 Nf5 46. Ng5+ Kf6 47.
Ne4+ Kg7 48. Nc5 Ra2 49. Re1 Kf7 50. Ne4 Nd4 51. Ng5+ Kf6 52. f4 Re2 53. Ra1 e5
54. h4 exf4 55. Rf1 Nf5 56. Rxf4 Re3 57. Rb4 Rxg3+ 58. Kf2 Rg4 59. Rxb5 Rxh4 60.
Nf3 Re4 61. Ra5 Re6 62. Rxa7 g5 63. b4 g4 64. Ng1 Rb6 65. Ra4 Kg5 66. Ne2 h4 67.
Nc3 h3 68. Nd5 Rc6 69. Ra1 Rc2+ 70. Kg1 h2+ 0-1

[Event "25th Czech Rapid G1 2014"]
[Site "Pardubice CZE"]
[Date "2014.07.17"]
[Round "7.46"]
[White "Petrovskis, Olegs"]
[Black "Kratochvil, Karel"]
[Result "0-1"]
[WhiteElo "2062"]
[BlackElo "2164"]
[WhiteFideId "11603186"]
[BlackFideId "325546"]
[EventDate "2014.07.16"]

1. d4 Nf6 2. c4 c5 3. e3 cxd4 4. exd4 d5 5. Nc3 Nc6 6. cxd5 Nxd5 7. Bc4 e6 8.
Nf3 Be7 9. O-O O-O 10. Re1 Nxc3 11. bxc3 b6 12. Bf4 Bb7 13. Rc1 Rc8 14. Bd3 Bf6
15. Qe2 Ne7 16. Ne5 Nd5 17. Bd2 g6 18. c4 Ne7 19. Bc3 Bg7 20. Qb2 Nc6 21. Nxc6
Bxc6 22. h3 Qg5 23. Bf1 Rfd8 24. Red1 Ba8 25. Qa3 Rd7 26. Rd2 Qd8 27. Rcd1 Bh6
28. Rc2 Be4 29. Re2 Bb7 30. Rc2 Bf8 31. Qb2 Ba6 32. Bb4 Bxb4 33. Qxb4 Rxd4 34.
Rxd4 Qxd4 35. Qa4 Bb7 36. Qxa7 Be4 37. Rc1 Ra8 38. Qc7 Rxa2 39. Qf4 e5 40. Qg3
f5 41. Qe3 Qxe3 42. fxe3 Kf7 43. c5 bxc5 44. Rxc5 Ra1 45. Kf2 Kf6 46. h4 Ra2+
47. Kg3 Ra3 48. Kf2 h6 49. Rb5 Rc3 50. Rb6+ Rc6 51. Rxc6+ Bxc6 52. Bc4 g5 53.
hxg5+ hxg5 54. g3 Be4 55. Bb5 Ke7 56. Ba6 Kd6 57. Bb5 Kc5 58. Be8 Kc4 59. Bf7+
Kd3 60. Be8 Kd2 61. Bd7 Bd3 62. Bc6 e4 63. Bd7 f4 64. gxf4 gxf4 65. Bc8 0-1

[Event "25th Czech Rapid G1 2014"]
[Site "Pardubice CZE"]
[Date "2014.07.17"]
[Round "7.47"]
[White "Lokander, Martin"]
[Black "Lebediantsev, Ruslan"]
[Result "1/2-1/2"]
[WhiteTitle "FM"]
[WhiteElo "2309"]
[BlackElo "2145"]
[WhiteFideId "1709569"]
[BlackFideId "24135755"]
[EventDate "2014.07.16"]

1. d4 Nf6 2. c4 e6 3. Nc3 Bb4 4. f3 O-O 5. e4 d5 6. e5 Nfd7 7. cxd5 exd5 8. f4
c5 9. a3 Ba5 10. Be3 cxd4 11. Bxd4 Nc6 12. Nf3 Re8 13. Be2 f6 14. exf6 Nxf6 15.
O-O Nxd4 16. Nxd4 Bb6 17. Kh1 Ng4 18. Bxg4 Bxg4 19. Qd3 Qd7 20. Rae1 Rxe1 21.
Rxe1 Re8 22. Rxe8+ Qxe8 23. h3 Qe1+ 24. Kh2 Qf2 25. Nde2 d4 26. hxg4 dxc3 27.
bxc3 Qh4+ 28. Qh3 Qf2 29. Qf3 Qh4+ 30. Qh3 Qe1 31. Qf3 Qh4+ 32. Qh3 Qf2 33. Qf3
Qh4+ 34. Qh3 1/2-1/2